Statistiken für German Antonyms

Klicken Sie hier um das Quiz zu spielen!

Allgemein

  • Dieses Quiz wurde 131 mal gespielt
  • Das Durchschnittsergebnis liegt bei 17 aus 20

Antwortstatistiken

Hint Answer % Korrekt
jungalt
99%
großklein
98%
heißkalt
97%
langsamschnell
95%
falschrichtig
95%
schwarzweiß
94%
gutschlecht
93%
langkurz
92%
teuerbillig
91%
helldunkel
91%
gesundkrank
91%
schwachstark
88%
schmutzigsauber
88%
nasstrocken
87%
leervoll
86%
schönhässlich
83%
süßsauer
83%
schwierigleicht
78%
hochniedrig
63%
gleichverschieden
56%

Verteilung der Resultate

Perzentil nach korrekt beantworteten Fragen

Anzahl Personen mit jedem Resultat

Ihre Resultats-Entwicklung

Sie haben dieses Quiz noch nicht gespielt